NBA all-stars 2012 - Statistics

General Stats
  • This quiz has been taken 20 times
  • The average score is 17 of 25
Answer Stats
Position Player % Correct
G Kobe Bryant
100%
F LeBron James
100%
G Chris Paul
95%
F Dirk Nowitzki
95%
G Dwyane Wade
95%
F Chris Bosh
89%
F Carmelo Anthony
84%
G Derrick Rose
84%
F Blake Griffin
79%
C Marc Gasol
79%
F Paul Pierce
79%
G Tony Parker
79%
G Steve Nash
74%
C Dwight Howard
68%
F Kevin Durant
63%
F Kevin Love
63%
G Deron Williams
53%
F LaMarcus Aldridge
53%
G Rajon Rondo
53%
G Russell Westbrook
53%
G Joe Johnson
42%
F/G Andre Iguodala
37%
C Andrew Bynum
37%
F Luol Deng
26%
C Roy Hibbert
21%
No matching quizzes found
Score Distribution
Percent of People with Each Score
Percentile by Number Answered
Your Score History
You have not taken this quiz